00458nam a2200145Ia 4500008004100000020001400041245006200055260005700117516002000174650001600194830002600210856005000236942000700286999001900293150121s9999 xx 000 0 und d a0115-3153 aPhilippine Journal of Psychology /h[electronic resource] bPsychological Association of the Philippines,c2014. aElectronic text aPsychology. aPhilippine E-Journals uhttp://www.ejournals.ph/index.php?journal=PJP cEJ c277075d277075